مكتبة جامعة عجلون الوطنية

فهرس بحث المكتبة

مستوى الضغوط المهنية وعلاقتها بالدافعية للعمل لدى معلمي الطلبة ذوي صعوبات التعلم من وجهة نظرهم في محافظة اربد=The Level of Work Pressures and its Relationship With the Motivation for Work Among Teachers of Students Learning Disabilities from their View Point in Irbid Governorate (Record no. 32390)

MARC details
000 -LEADER
fixed length control field 01395nam a2200241Ii 4500
003 - CONTROL NUMBER IDENTIFIER
control field JO-AjNU
005 - DATE AND TIME OF LATEST TRANSACTION
control field 20240630102543.0
008 - FIXED-LENGTH DATA ELEMENTS--GENERAL INFORMATION
fixed length control field 230605s9999||||xx |||||||||||||| ||und||
040 ## - CATALOGING SOURCE
Original cataloging agency JO-AjNU
Language of cataloging ara
Description conventions rda
Transcribing agency JO-AjNU
041 ## - LANGUAGE CODE
Language code of text/sound track or separate title ara
050 14 - LIBRARY OF CONGRESS CALL NUMBER
Classification number LC4704.2022
100 ## - MAIN ENTRY--PERSONAL NAME
Personal name بني إسماعيل، مروان قاسم إبراهيم
Relator term معد
9 (RLIN) 65923
245 00 - TITLE STATEMENT
Title مستوى الضغوط المهنية وعلاقتها بالدافعية للعمل لدى معلمي الطلبة ذوي صعوبات التعلم من وجهة نظرهم في محافظة اربد=The Level of Work Pressures and its Relationship With the Motivation for Work Among Teachers of Students Learning Disabilities from their View Point in Irbid Governorate
Statement of responsibility, etc. / اعداد مروان قاسم ابراهيم بني إسماعيل ؛ اشراف محمد عمر ابو الرب
264 31 - PRODUCTION, PUBLICATION, DISTRIBUTION, MANUFACTURE, AND COPYRIGHT NOTICE
Place of production, publication, distribution, manufacture 2022
300 ## - PHYSICAL DESCRIPTION
Extent 110 ورقة
336 ## - CONTENT TYPE
Content type term text
Content type code txt
Source rdacontent
337 ## - MEDIA TYPE
Media type term unmediated
Media type code n
Source rdamedia
338 ## - CARRIER TYPE
Carrier type term volume
Carrier type code nc
Source rdacarrier
500 ## - GENERAL NOTE
General note رسالة جامعية(اطروحة ماجستير) تخصص صعوبات التعلم/كلية العلوم التربوية، جامعة عجلون الوطنية، 2022
650 #4 - SUBJECT ADDED ENTRY--TOPICAL TERM
Topical term or geographic name entry element صعوبات التعلم-معلمي الطلبة ذوي صعوبات التعلم
9 (RLIN) 63528
700 ## - ADDED ENTRY--PERSONAL NAME
Personal name محمد عمر ابو الرب
Relator term مشرف
9 (RLIN) 64717
942 ## - ADDED ENTRY ELEMENTS (KOHA)
Source of classification or shelving scheme Library of Congress Classification
Koha item type Thesis
Holdings
Withdrawn status Lost status Source of classification or shelving scheme Damaged status Not for loan Home library Current library Shelving location Date acquired Total Checkouts Full call number Barcode Date last seen Price effective from Koha item type
    Library of Congress Classification     مكتبة جامعة عجلون الوطنية مكتبة جامعة عجلون الوطنية المراجع 30/06/2024   LC4704.2022 A28822 06/06/2023 30/06/2024 Thesis
    Library of Congress Classification     مكتبة جامعة عجلون الوطنية مكتبة جامعة عجلون الوطنية   30/06/2024   LC4704.2022 A28823 30/06/2024 30/06/2024 Thesis